Music Quiz

Random Music or Song Quiz
Score 0/17 Timer 08:00
0 Plays Today
% Correct
Anything is possible
100%
It wasn't me
97.2%
Where is the love?
97.2%
Do they know its christmas?
97.2%
Crazy
97.2%
Bleeding Love
97.2%
Hallelujah
97.2%
Someone like you
97.2%
It wasn't me
97.2%
% Correct
I gotta feeling
97.2%
Someone like you
97.2%
Anything is possible
97.2%
Can we fix it
95.8%
Is this the way to amarillo?
95.8%
Poker face
95.8%
Love the way you lie
95.8%
Unchained melody
95.8%
Remove Ads.
Support Sporcle.
Get the best of Sporcle when you Go Orange. This ad-free experience offers more features, more stats, and more fun while also helping to support Sporcle. Thank you for becoming a member.

You're not logged in!

Compare scores with friends on all Sporcle quizzes.
OR
Log In

Show Comments

Extras

Created Jul 22, 2012ReportNominate
Tags:Song Quiz, 2000, Best Selling, biggest

Top Quizzes Today


Score Distribution

Your Account Isn't Verified!

In order to create a playlist on Sporcle, you need to verify the email address you used during registration. Go to your Sporcle Settings to finish the process.

Report this User

Report this user for behavior that violates our Community Guidelines.

Details: